ბათუმის შოთა რუსთაველის სახელმწიფო უნივერსიტეტის ბიბლიოთეკა

Экономика природопользования: (ბიბ.ჩანაწერი № 36947)

000 -LEADER
fixed length control field 00630nam a2200229Ia 4500
001 - CONTROL NUMBER
control field 2898
003 - CONTROL NUMBER IDENTIFIER
control field GE_BSU
008 - FIXED-LENGTH DATA ELEMENTS--GENERAL INFORMATION
fixed length control field 181216s||||||||xx |||||||||||||| ||und||
020 ## - INTERNATIONAL STANDARD BOOK NUMBER
International Standard Book Number 5721801271
040 ## - CATALOGING SOURCE
Transcribing agency GE_BSU
080 ## - UNIVERSAL DECIMAL CLASSIFICATION NUMBER
Universal Decimal Classification number 33(075.8)+502
100 ## - MAIN ENTRY--PERSONAL NAME
Personal name Бобылев, С.Н.А.Ш. Ходжаев
245 ## - TITLE STATEMENT
Title Экономика природопользования:
245 ## - TITLE STATEMENT
Remainder of title Учебное пособие
260 ## - PUBLICATION, DISTRIBUTION, ETC.
Place of publication, distribution, etc. Москва
260 ## - PUBLICATION, DISTRIBUTION, ETC.
Name of publisher, distributor, etc. Теис
260 ## - PUBLICATION, DISTRIBUTION, ETC.
Date of publication, distribution, etc. 1997
300 ## - PHYSICAL DESCRIPTION
Extent 272 с. 20см.
653 ## - INDEX TERM--UNCONTROLLED
Uncontrolled term Экономика природопользования
942 ## - ADDED ENTRY ELEMENTS (KOHA)
Koha item type წიგნი
ეგზემპლარები
Withdrawn status Lost status Damaged status Not for loan Date acquired Barcode Date last seen Price effective from Koha item type Public note
        2018-12-17 7888 2018-12-17 2018-12-17 წიგნი დარბაზი
        2018-12-17 8152 2018-12-17 2018-12-17 წიგნი დარბაზი
        2018-12-17 8153 2018-12-17 2018-12-17 წიგნი დარბაზი
        2018-12-17 8154 2018-12-17 2018-12-17 წიგნი დარბაზი
        2018-12-17 8155 2018-12-17 2018-12-17 წიგნი დარბაზი
        2018-12-17 8156 2018-12-17 2018-12-17 წიგნი დარბაზი
        2018-12-17 8151 2018-12-17 2018-12-17 წიგნი დეარბაზი
        2018-12-17 7889 2018-12-17 2018-12-17 წიგნი დარბაზი